Quiz Culture Générale #11 - Statistiques

Statistiques générales
  • Ce quiz a été pris 54 fois
  • Le résultat moyen est 4 sur 15
Statistiques - réponses
Question Réponse % Correct
Combien de temps sonne la sirène le premier mercredi du mois ? 2 minutes et 6 secondes
50%
Que fait l'artiste Berndnaut Smilde ? Il crée des nuages en intérieur
50%
Que veut dire "Théatron", qui a inspiré le mot "Théâtre" ? Lieu où on regarde
50%
Quel animal est sur le blason de Saint-Malo ? Une hermine
50%
Quel ingrédient n'entre pas dans la composition du Gloubi-boulga, le plat préféré de Casimir ? De l'orange
33%
Comment Louise Bourgeois a-t-elle appelé une de ces sculptures en forme d'araignée ? Maman
33%
Quelle phrase n'est pas un pangramme ? Yann le clown jovial fixe le zinzin Herbert quand il mange du képi
33%
Quel devait être le nom du RER à la base ? M.E.R.D.E
17%
Quel était le premier nom du pokémon Miaouss ? Miaouste
17%
Que se passe-t-il si on tape 241543903 sur Google image ? On voit des gens avec leur tête dans le frigo
17%
De Miss France 1987 à 2025, les régions suivantes n'ont jamais gagné les élections, sauf une. Laquelle ? Réunion
17%
Comment s'appelle le chien de Tintin au Danemark ? Terry
17%
Quel acteur ne chante pas dans le premier film High School Musical ? Zac Efron
17%
Combien faut-il d'heure pour aller a pied de la Rue de Brest, à Strasbourg jusqu'à la Place de Strasbourg, à Brest (en marchant à 5km/h) ? 228
0%
D'où vient le nom de Starbucks ? Du nom d'un perso de Moby Dick
0%
Aucun quiz correspondant
Distribution des résultats
% des personnes avec chaque résultat
Percentile par nombre de réponses
Votre historique - résultats
Vous n’avez pas pris ce quiz